[Event "Euro Club Cup (Women)"]
[Site "Kallithea GRE"]
[Date "2008.10.19"]
[EventDate "2008.10.17"]
[Round "3"]
[Result "0-1"]
[White "Irina Chelushkina"]
[Black "Antoaneta Stefanova"]
[WhiteElo "2360"]
[BlackElo "2548"]
[PlyCount "116"]

1. e4 e5 2. Nf3 Nc6 3. Bb5 a6 4. Ba4 Nf6 5. O-O b5 6. Bb3 Bc5
7. a4 Bb7 8. axb5 axb5 9. Rxa8 Bxa8 10. d3 O-O 11. Nc3 b4
12. Nd5 h6 13. Ne3 Re8 14. Bd2 Na5 15. Ba4 Bf8 16. c3 c5
17. Qe1 Qb6 18. c4 Bc6 19. Bd1 g6 20. Nh4 Bg7 21. g3 Nh7
22. Nhg2 Bb7 23. h4 Qd6 24. Nd5 f5 25. h5 fxe4 26. hxg6 Qxg6
27. Nh4 Qf7 28. dxe4 Nxc4 29. Bb3 Bxd5 30. exd5 Nxd2 31. Qxd2
e4 32. Bd1 Ng5 33. Bg4 Bd4 34. Qf4 Qxd5 35. Nf5 Kh7 36. Ne3
Qc6 37. Kg2 Kg8 38. b3 Be5 39. Qf5 d5 40. Be2 Kg7 41. Rh1 Bd4
42. Qxd5 Qxd5 43. Nxd5 Ra8 44. Nf4 Ra2 45. Rf1 Kf6 46. Rh1 Nf7
47. f3 e3 48. Kf1 Rb2 49. Nd5+ Kg7 50. Rh4 Rxb3 51. Nf4 Rb1+
52. Kg2 Rb2 53. Kf1 Rd2 54. Rg4+ Kf8 55. Ng6+ Ke8 56. Re4+ Kd8
57. Nf4 b3 58. Ne6+ Kc8 0-1

[Event "Women's Olympiad"]
[Site "Dresden GER"]
[Date "2008.11.13"]
[EventDate "2008.11.13"]
[Round "1"]
[Result "1-0"]
[White "Antoaneta Stefanova"]
[Black "Ellen Hagesaether"]
[WhiteElo "2548"]
[BlackElo "2239"]
[PlyCount "39"]

1. d4 g6 2. e4 d6 3. Nc3 Bg7 4. f4 a6 5. Nf3 b5 6. Bd3 Nd7
7. e5 c5 8. Be3 Bb7 9. Be4 Qc8 10. Ng5 Bxe4 11. Ncxe4 h6
12. Nf3 Qb7 13. Ng3 h5 14. Ng5 Nh6 15. e6 fxe6 16. Nxe6 Ng4
17. Qd3 Kf7 18. Ng5+ Kg8 19. Qxg6 Qd5 20. Nf5 1-0

[Event "Women's Olympiad"]
[Site "Dresden GER"]
[Date "2008.11.15"]
[EventDate "2008.11.13"]
[Round "3"]
[Result "1-0"]
[White "Antoaneta Stefanova"]
[Black "Lubov Zsiltzova-Lisenko"]
[WhiteElo "2548"]
[BlackElo "2265"]
[PlyCount "101"]

1. d4 d5 2. c4 dxc4 3. Nf3 Nf6 4. e3 Bg4 5. Bxc4 e6 6. h3 Bh5
7. O-O a6 8. Be2 Nc6 9. Nbd2 Be7 10. a3 O-O 11. b4 Nd5 12. Bb2
Bg6 13. g3 Nf6 14. Nh4 Qd7 15. Nxg6 hxg6 16. Bf3 Rad8 17. Rc1
Nb8 18. Nc4 c6 19. Qb3 Qc7 20. e4 Nbd7 21. Rfd1 Qb8 22. Rd3
Ne8 23. h4 Nd6 24. Na5 Nb6 25. Rcd1 Qc7 26. Bc1 Nd7 27. Bf4
Qb6 28. Rc1 Rc8 29. Re1 Nb5 30. Nc4 Qd8 31. a4 Nc7 32. Na5 Rb8
33. d5 e5 34. dxc6 exf4 35. Rxd7 Qe8 36. Rxc7 fxg3 37. fxg3
Bd6 38. Rd7 Bxg3 39. Rf1 bxc6 40. Bg4 Bxh4 41. Rfxf7 Rxf7
42. Rxf7 Kh8 43. Be6 Qd8 44. Qc3 Qd1+ 45. Rf1 Qxa4 46. Nxc6
Re8 47. Bd5 Qb5 48. Qh3 g5 49. Qf3 Qb6+ 50. Kh1 g6 51. Qf6+
1-0

[Event "Women's Olympiad"]
[Site "Dresden GER"]
[Date "2008.11.16"]
[EventDate "2008.11.13"]
[Round "4"]
[Result "0-1"]
[White "Jovana Rapport"]
[Black "Antoaneta Stefanova"]
[WhiteElo "2332"]
[BlackElo "2548"]
[PlyCount "100"]

1. d4 d5 2. c4 c6 3. cxd5 cxd5 4. Bf4 Nf6 5. Nc3 Qb6 6. e3
Qxb2 7. Bb5+ Bd7 8. Bxd7+ Nbxd7 9. Nge2 Qa3 10. Rb1 Ne4
11. Nxe4 dxe4 12. O-O Nb6 13. Qc2 e6 14. Rb3 Rc8 15. Rc3 Rxc3
16. Nxc3 Be7 17. Nxe4 O-O 18. Bg5 Rc8 19. Bxe7 Qxe7 20. Qb1
Rc7 21. Rc1 Nd5 22. Rxc7 Qxc7 23. h3 h6 24. Nc5 b6 25. Nd3 a6
26. Nb4 Nxb4 27. Qxb4 b5 28. Qd2 a5 29. e4 b4 30. d5 Qd6
31. Qd1 Kf8 32. Qa4 Qc7 33. d6 Qxd6 34. Qxa5 g6 35. e5 Qd1+
36. Kh2 Qd4 37. Qa8+ Kg7 38. Qb8 Qxf2 39. Qxb4 Qxa2 40. Qf4
Qd5 41. Qf6+ Kg8 42. h4 Qe4 43. g3 Qf5 44. Qd8+ Kg7 45. Qd4
Qf3 46. Qd6 g5 47. hxg5 hxg5 48. Qd4 Kg6 49. Qb2 Kf5 50. Kh3
Qh1+ 0-1

[Event "Women's Olympiad"]
[Site "Dresden GER"]
[Date "2008.11.19"]
[EventDate "2008.11.13"]
[Round "6"]
[Result "1-0"]
[White "Jovanka Houska"]
[Black "Antoaneta Stefanova"]
[WhiteElo "2399"]
[BlackElo "2548"]
[PlyCount "77"]

1. d4 d5 2. Nf3 Nf6 3. c4 c6 4. e3 Bf5 5. Nc3 e6 6. Nh4 Bg6
7. Bd2 Nbd7 8. Be2 Bd6 9. Nxg6 hxg6 10. Qc2 dxc4 11. Bxc4 Nb6
12. Be2 c5 13. dxc5 Bxc5 14. Na4 Nxa4 15. Qxa4+ Kf8 16. Bf3
Nd5 17. Rc1 Rh4 18. e4 Bd6 19. g3 Nb6 20. Qd4 e5 21. Qe3 Rh8
22. O-O Qe7 23. a3 Qe6 24. Rfd1 Nc4 25. Qc3 Nxd2 26. Qxd2 Ke7
27. Bg4 Qf6 28. Qd5 Rab8 29. Rd3 g5 30. Rf3 Qg6 31. Rc7+ Bxc7
32. Qd7+ Kf8 33. Be6 f6 34. Qxc7 Ra8 35. Rd3 Qe8 36. Qxb7 Rb8
37. Qxa7 Rh7 38. Rd7 Rc8 39. Rf7+ 1-0

[Event "Women's Olympiad"]
[Site "Dresden GER"]
[Date "2008.11.21"]
[EventDate "2008.11.13"]
[Round "8"]
[Result "0-1"]
[White "Gundula Heinatz"]
[Black "Antoaneta Stefanova"]
[WhiteElo "2227"]
[BlackElo "2548"]
[PlyCount "176"]

1. Nf3 d5 2. g3 Nf6 3. Bg2 c6 4. O-O Bf5 5. d3 Nbd7 6. Nh4 Bg6
7. Nd2 e5 8. Nxg6 hxg6 9. e4 Bc5 10. exd5 Nxd5 11. Nc4 Qf6
12. Qf3 Qe6 13. c3 N5f6 14. b4 Be7 15. Qe2 Nd5 16. Bd2 O-O
17. Rfe1 Rad8 18. Rac1 Bf6 19. a4 Rfe8 20. a5 Nc7 21. Be3 Nb5
22. Nd2 Be7 23. Ne4 Nf6 24. Nc5 Qc8 25. h4 Qc7 26. Ne4 Nxe4
27. dxe4 Nxc3 28. Rxc3 Bxb4 29. Rcc1 Bxe1 30. Qxe1 b6 31. axb6
axb6 32. Qc3 c5 33. Bf1 Qc6 34. Qc2 Ra8 35. Bc4 Ra3 36. Qb2
Rxe3 37. Bd5 Rxg3+ 38. fxg3 Qc7 39. Rf1 Rf8 40. Qb3 Qa7
41. Rf2 Qc7 42. Kg2 Qa7 43. Qb5 Kh7 44. Ra2 Qc7 45. Rb2 Rb8
46. Qb3 f5 47. h5 f4 48. Qf3 Qd6 49. Qg4 Kh6 50. hxg6 Qxg6
51. Qxg6+ Kxg6 52. gxf4 Kf6 53. f5 b5 54. Kf3 g6 55. fxg6 Kxg6
56. Bc4 Rf8+ 57. Ke3 bxc4 58. Rb6+ Rf6 59. Rb8 Ra6 60. Rc8 Ra5
61. Kd2 Kf6 62. Kc3 Ke6 63. Kxc4 Ra4+ 64. Kd3 Kd6 65. Rd8+ Kc6
66. Re8 Kb5 67. Rb8+ Kc6 68. Re8 Rd4+ 69. Ke3 Kd6 70. Rd8+ Ke7
71. Rc8 Rc4 72. Kd3 Rc1 73. Kd2 Kd7 74. Rh8 Rc4 75. Kd3 Rd4+
76. Ke3 c4 77. Rh6 Rd6 78. Rh5 Rd3+ 79. Ke2 Kd6 80. Rg5 Rd4
81. Ke3 c3 82. Rg8 Kc5 83. Rc8+ Kb4 84. Rb8+ Ka3 85. Rb5 c2
86. Rxe5 Rc4 87. Ra5+ Kb2 88. Rb5+ Kc3 0-1

[Event "Women's Olympiad"]
[Site "Dresden GER"]
[Date "2008.11.22"]
[EventDate "2008.11.13"]
[Round "9"]
[Result "1-0"]
[White "Antoaneta Stefanova"]
[Black "Nafisa Muminova"]
[WhiteElo "2548"]
[BlackElo "2240"]
[PlyCount "65"]

1. d4 e6 2. c4 Nf6 3. g3 c5 4. d5 exd5 5. cxd5 g6 6. Nf3 d6
7. Bg2 Bg7 8. O-O O-O 9. Nc3 a6 10. a4 Re8 11. Bf4 h6 12. h3
g5 13. Bc1 Nbd7 14. Qc2 Nf8 15. Nd2 b6 16. Nc4 Ng6 17. Rb1 Qc7
18. b4 cxb4 19. Rxb4 Nh5 20. Ne4 Bf5 21. Bb2 Nxg3 22. fxg3
Bxe4 23. Bxe4 Qc5+ 24. Kh1 Qxb4 25. Bxg6 fxg6 26. Qxg6 Re7
27. Bxg7 Rxg7 28. Qe6+ Kh7 29. Nxd6 Raa7 30. Ne8 Rae7 31. Nf6+
Kg6 32. Qf5+ Kf7 33. d6 1-0

[Event "Women's Olympiad"]
[Site "Dresden GER"]
[Date "2008.11.23"]
[EventDate "2008.11.13"]
[Round "10"]
[Result "1-0"]
[White "Antoaneta Stefanova"]
[Black "Svetlana Petrenko"]
[WhiteElo "2548"]
[BlackElo "2285"]
[PlyCount "57"]

1. d4 d5 2. c4 e6 3. Nf3 c6 4. Qc2 f5 5. Bf4 Nf6 6. e3 Bb4+
7. Nbd2 Ne4 8. a3 Be7 9. g4 fxg4 10. Nxe4 gxf3 11. Nd2 Nd7
12. Bd3 Nf8 13. Rg1 g6 14. O-O-O Rg8 15. Nxf3 dxc4 16. Bxc4 b5
17. Ba2 Qb6 18. Kb1 Bd7 19. Ne5 Rc8 20. Bh6 b4 21. axb4 Qxb4
22. Qe4 Rb8 23. Nd3 Qa4 24. Rc1 Rb6 25. Ne5 Ba3 26. Rc2 Qb5
27. Bc4 Qb4 28. Qf4 Qe7 29. Bg5 1-0

[Event "Women's Olympiad"]
[Site "Dresden GER"]
[Date "2008.11.25"]
[EventDate "2008.11.13"]
[Round "11"]
[Result "1-0"]
[White "Batkhuyag Munguntuul"]
[Black "Antoaneta Stefanova"]
[WhiteElo "2410"]
[BlackElo "2548"]
[PlyCount "86"]

1. e4 e5 2. Nf3 Nc6 3. Bb5 a6 4. Ba4 Nf6 5. O-O b5 6. Bb3 Bc5
7. c3 d6 8. a4 Bg4 9. h3 Bxf3 10. Qxf3 Na5 11. Bc2 b4 12. d3
Rb8 13. Nd2 O-O 14. Re1 Re8 15. Rb1 b3 16. Bd1 Re6 17. Qg3 Nd7
18. Bg4 Rg6 19. Qh2 h5 20. Bf5 Rf6 21. Nf3 g6 22. Bxd7 Qxd7
23. Bg5 Re6 24. d4 Bb6 25. Qg3 exd4 26. Nxd4 Ree8 27. Bf6 c5
28. Nf5 Bd8 29. Bxd8 Rbxd8 30. Ne3 Re6 31. Nd5 Rf8 32. f4 f5
33. exf5 Rxf5 34. Rxe6 Qxe6 35. Re1 Qf7 36. Ne7+ Kg7 37. Nxf5+
Qxf5 38. Re7+ Kf6 39. Ra7 Nc4 40. Qh4+ Ke6 41. Qe7+ Kd5
42. Qb7+ Ke6 43. Qc8+ Kd5 1-0

[Event "Gibtelecom"]
[Site "Catalan Bay GIB"]
[Date "2009.01.27"]
[EventDate "2009.01.27"]
[Round "1"]
[Result "0-1"]
[White "Florian Armbrust"]
[Black "Antoaneta Stefanova"]
[WhiteElo "2321"]
[BlackElo "2557"]
[PlyCount "52"]

1. e4 e5 2. Nf3 Nc6 3. Bb5 Nge7 4. Nc3 Ng6 5. h4 Nd4 6. Bc4 c6
7. Ng5 d5 8. exd5 Bf5 9. d3 b5 10. Bb3 b4 11. Nce4 h6 12. Nf3
Nxb3 13. axb3 cxd5 14. Ng3 Bg4 15. h5 Nf4 16. O-O Qf6 17. Bxf4
exf4 18. Qe1+ Be7 19. Ne5 Be6 20. Nh1 O-O 21. Nc6 Bd6 22. Nxb4
Qg5 23. f3 Bh3 24. Rf2 Bc5 25. Kf1 Rfe8 26. Re2 Bxg2+ 0-1

[Event "Gibtelecom"]
[Site "Catalan Bay GIB"]
[Date "2009.01.29"]
[EventDate "2009.01.27"]
[Round "3"]
[Result "1-0"]
[White "Bartosz Socko"]
[Black "Antoaneta Stefanova"]
[WhiteElo "2631"]
[BlackElo "2557"]
[PlyCount "117"]

1. e4 e5 2. Nf3 Nc6 3. Bb5 a6 4. Ba4 Nf6 5. O-O Bc5 6. c3 b5
7. Bb3 d6 8. a4 Bg4 9. h3 Bxf3 10. Qxf3 Na5 11. Bc2 b4 12. d3
Rb8 13. Nd2 O-O 14. Qe2 Re8 15. Nf3 bxc3 16. bxc3 Nb3 17. Bxb3
Rxb3 18. d4 exd4 19. cxd4 Rxf3 20. Qxf3 Bxd4 21. Ra2 Nxe4
22. Qd3 Qf6 23. Re2 d5 24. Be3 Be5 25. Rc1 c5 26. Qxd5 Nc3
27. Rxc3 Rd8 28. Rxc5 Rxd5 29. Rxd5 h6 30. Bxh6 Bc7 31. Bc1
Qc6 32. Rd1 Qxa4 33. Rde1 f6 34. Bb2 Qf4 35. g3 Qf5 36. Re8+
Kh7 37. R1e4 Bd6 38. Bc1 Kg6 39. Rg4+ Kf7 40. Re1 Qf3 41. Be3
a5 42. Kh2 Be5 43. Rc4 Kg6 44. Kg1 Qf5 45. Rg4+ Kf7 46. Rd1 a4
47. Rxa4 Qxh3 48. Ra7+ Kg6 49. Rdd7 Kf5 50. Rxg7 Ke4 51. Bf4
Qh5 52. Ra4+ Bd4 53. Re7+ Kd3 54. Ra3+ Kc4 55. Be3 Be5 56. Kg2
Bd6 57. Re4+ Kb5 58. Rb3+ Kc6 59. Rb6+ 1-0

[Event "Gibtelecom"]
[Site "Catalan Bay GIB"]
[Date "2009.01.30"]
[EventDate "2009.01.27"]
[Round "4"]
[Result "1-0"]
[White "Antoaneta Stefanova"]
[Black "Roi David Miedema"]
[WhiteElo "2557"]
[BlackElo "2325"]
[PlyCount "81"]

1. d4 d5 2. c4 c6 3. e3 Nf6 4. Nf3 Bf5 5. Nc3 e6 6. Nh4 Bg6
7. Nxg6 hxg6 8. a3 Nbd7 9. g3 Be7 10. f4 dxc4 11. Bxc4 c5
12. d5 exd5 13. Nxd5 O-O 14. Qc2 Nxd5 15. Bxd5 Qb6 16. O-O Nf6
17. Bf3 c4 18. Kh1 Rfd8 19. e4 Rd3 20. e5 Nh7 21. Qxc4 Rad8
22. Qe4 Rb3 23. Bd1 Rbd3 24. Bc2 R3d7 25. b4 f5 26. Qf3 Kh8
27. Be3 Qa6 28. Bd1 g5 29. Be2 Qh6 30. Bb5 g4 31. Qe2 Rd5
32. Rac1 a6 33. Ba4 b5 34. Bc2 Qg6 35. Bb1 Nf8 36. Rc7 R5d7
37. Rxd7 Qc6+ 38. Kg1 Qxd7 39. h3 gxh3 40. Qh5+ Kg8 41. Ba2+
1-0

[Event "Gibtelecom"]
[Site "Catalan Bay GIB"]
[Date "2009.02.01"]
[EventDate "2009.01.27"]
[Round "6"]
[Result "1-0"]
[White "Antoaneta Stefanova"]
[Black "Monica Calzetta Ruiz"]
[WhiteElo "2557"]
[BlackElo "2371"]
[PlyCount "87"]

1. d4 Nf6 2. Bg5 Ne4 3. Bf4 c5 4. f3 Nf6 5. d5 Nh5 6. Be3 e5
7. g4 Nf4 8. Bf2 Qb6 9. b3 Qa5+ 10. c3 c4 11. b4 Qxd5 12. Qxd5
Nxd5 13. e4 Nf4 14. Bxc4 h5 15. g5 a5 16. b5 h4 17. Ne2 Nh3
18. Be3 Be7 19. Nd2 d6 20. O-O-O Nd7 21. Bd5 Nc5 22. Nc4 Bd7
23. Bxc5 dxc5 24. Bxf7+ Kxf7 25. Rxd7 Ke6 26. Rxb7 Rhb8
27. Rxb8 Rxb8 28. a4 Nxg5 29. Rf1 Rf8 30. Nd2 c4 31. f4 exf4
32. Nxf4+ Kd7 33. Nxc4 Nxe4 34. Ne5+ Kc8 35. Neg6 Ba3+ 36. Kc2
Rd8 37. Nd3 Bd6 38. Re1 Nf6 39. h3 Rd7 40. Re6 Bg3 41. Ne7+
Kc7 42. b6+ Kd8 43. Nc6+ Kc8 44. Nc5 1-0

[Event "Gibtelecom"]
[Site "Catalan Bay GIB"]
[Date "2009.02.02"]
[EventDate "2009.01.27"]
[Round "7"]
[Result "1-0"]
[White "Peter Svidler"]
[Black "Antoaneta Stefanova"]
[WhiteElo "2723"]
[BlackElo "2557"]
[PlyCount "43"]

1. e4 e5 2. Nf3 Nc6 3. Bb5 a6 4. Ba4 Nf6 5. O-O Bc5 6. c3 b5
7. Bc2 d5 8. d4 dxe4 9. dxe5 exf3 10. exf6 Qxf6 11. Nd2 O-O
12. Ne4 Qg6 13. Ng3 Qf6 14. Qd3 g6 15. Ne4 Qf5 16. Nxc5 fxg2
17. Re1 Qxc5 18. Qf3 Kg7 19. Be3 Qc4 20. Bb3 Ne5 21. Qg3 Qh4
22. Qxe5+ 1-0

[Event "Gibtelecom"]
[Site "Catalan Bay GIB"]
[Date "2009.02.03"]
[EventDate "2009.01.27"]
[Round "8"]
[Result "1-0"]
[White "Antoaneta Stefanova"]
[Black "Monika (Bobrowska) Socko"]
[WhiteElo "2557"]
[BlackElo "2449"]
[PlyCount "81"]

1. d4 Nf6 2. Bg5 c5 3. Bxf6 gxf6 4. d5 Qb6 5. Qc1 f5 6. g3 Bg7
7. c3 Na6 8. Bg2 Nc7 9. Nd2 Qh6 10. e3 O-O 11. Ne2 e5 12. a4
d6 13. b4 f4 14. gxf4 cxb4 15. cxb4 Na6 16. b5 Nc5 17. Ra3 Qg6
18. Rg1 exf4 19. Nxf4 Qh6 20. Ne4 Nxe4 21. Bxe4 Re8 22. Rc3
Bd7 23. Qb1 Kh8 24. Rc7 Rad8 25. Ne2 Qh4 26. Ng3 Re7 27. Qc2
Rde8 28. Rxb7 f5 29. Rxd7 Rxd7 30. Bxf5 Rdd8 31. Be6 Be5
32. Kf1 Rf8 33. Kg2 Rde8 34. f4 Bg7 35. Nf5 Rxf5 36. Qxf5 Qd8
37. Kf3 Rf8 38. Qh5 Qf6 39. Qg5 Qc3 40. Qe7 h6 41. Qxd6 1-0

[Event "Gibtelecom"]
[Site "Catalan Bay GIB"]
[Date "2009.02.04"]
[EventDate "2009.01.27"]
[Round "9"]
[Result "1/2-1/2"]
[White "Jon Ludvig Hammer"]
[Black "Antoaneta Stefanova"]
[WhiteElo "2532"]
[BlackElo "2557"]
[PlyCount "90"]

1. e4 e5 2. Nf3 Nc6 3. Bb5 Nge7 4. c3 a6 5. Ba4 g6 6. d4 exd4
7. cxd4 Bg7 8. d5 b5 9. dxc6 bxa4 10. Qxa4 Nxc6 11. Bg5 f6
12. Bf4 Rb8 13. Nc3 Rxb2 14. Nd5 Ne5 15. O-O O-O 16. Nxf6+
Bxf6 17. Bxe5 Bxe5 18. Nxe5 Rb5 19. f4 Bb7 20. Rad1 d6
21. Qc4+ d5 22. exd5 Rxd5 23. Ng4 Qd7 24. Ne3 Qb5 25. Qxc7
Rxd1 26. Rxd1 Re8 27. Ng4 Qb2 28. Ne3 Qa3 29. Qc4+ Kf8 30. Nc2
Qa5 31. Rd7 Qb6+ 32. Kf1 Re7 33. Rxe7 Kxe7 34. a3 a5 35. Qd4
Qb1+ 36. Ne1 Bxg2+ 37. Kxg2 Qxe1 38. Qg7+ Ke6 39. Qg8+ Kd6
40. Qxh7 Qe2+ 41. Kg3 Qd3+ 42. Kg4 Qf5+ 43. Kg3 Qd3+ 44. Kg4
Qf5+ 45. Kg3 Qd3+ 1/2-1/2

[Event "FIDE Women's Grand Prix"]
[Site "Instanbul TUR"]
[Date "2009.03.12"]
[EventDate "2009.03.07"]
[Round "5"]
[Result "0-1"]
[White "Marie Sebag"]
[Black "Antoaneta Stefanova"]
[WhiteElo "2529"]
[BlackElo "2557"]
[PlyCount "80"]

1. e4 e5 2. Nf3 Nc6 3. Bb5 a6 4. Ba4 Nf6 5. O-O Be7 6. Re1 b5
7. Bb3 O-O 8. c3 d6 9. h3 Nb8 10. d4 Nbd7 11. Nbd2 Bb7 12. Bc2
Re8 13. Nf1 Bf8 14. Ng3 g6 15. b3 Bg7 16. d5 Rc8 17. c4 c6
18. Rb1 Qc7 19. Bd3 Nc5 20. Bf1 bxc4 21. bxc4 a5 22. Bd2 Ba6
23. Rc1 a4 24. Bb4 Bh6 25. Rb1 cxd5 26. cxd5 Bxf1 27. Rxf1
Nfxe4 28. Nxe4 Nxe4 29. Qxa4 Nc3 30. Bxc3 Qxc3 31. Rb7 Qc5
32. Rd1 e4 33. Nh2 e3 34. fxe3 Qxe3+ 35. Kh1 Qe1+ 36. Nf1 Qf2
37. Qd7 Bf8 38. Ne3 Rcd8 39. Qg4 Qxe3 40. Rf1 Be7 0-1

[Event "FIDE Women's Grand Prix"]
[Site "Instanbul TUR"]
[Date "2009.03.13"]
[EventDate "2009.03.07"]
[Round "6"]
[Result "0-1"]
[White "Antoaneta Stefanova"]
[Black "Elina Danielian"]
[WhiteElo "2557"]
[BlackElo "2496"]
[PlyCount "82"]

1. d4 d5 2. Nf3 Nf6 3. c4 c6 4. e3 e6 5. b3 Nbd7 6. Bb2 b6
7. Bd3 Bb7 8. O-O Be7 9. Nc3 O-O 10. Qc2 c5 11. Ne5 dxc4
12. bxc4 h6 13. Rad1 cxd4 14. exd4 Rc8 15. f4 a6 16. Qe2 Bb4
17. a3 Bd6 18. Bb1 Qe7 19. Rd3 Rfd8 20. Re1 Nf8 21. Rg3 Bb8
22. Kh1 b5 23. cxb5 axb5 24. Nxb5 Nd5 25. Rf1 f5 26. a4 Qe8
27. Ba3 Nh7 28. Ng6 Rc6 29. Qh5 Nhf6 30. Qh4 Rc4 31. Ne5 Bxe5
32. fxe5 Qh5 33. Qxh5 Nxh5 34. Rb3 Rxa4 35. Kg1 Ba6 36. Bd3
Nhf4 37. Rxf4 Nxf4 38. Bf1 Rb8 39. Bd6 Rb7 40. g3 Nd5 41. g4
Ra1 0-1

[Event "FIDE Women's Grand Prix"]
[Site "Instanbul TUR"]
[Date "2009.03.15"]
[EventDate "2009.03.07"]
[Round "8"]
[Result "1/2-1/2"]
[White "Antoaneta Stefanova"]
[Black "Maia Chiburdanidze"]
[WhiteElo "2557"]
[BlackElo "2516"]
[PlyCount "107"]

1. d4 d5 2. c4 e6 3. Nf3 Nf6 4. g3 Bb4+ 5. Bd2 Be7 6. Bg2 O-O
7. O-O c6 8. Bf4 b6 9. Nc3 Bb7 10. Rc1 Nh5 11. Be5 Nd7
12. cxd5 cxd5 13. Nb5 Nxe5 14. dxe5 a6 15. Nbd4 Qd7 16. Qd2 g6
17. Qh6 Rfc8 18. Ng5 Bxg5 19. Qxg5 Qd8 20. Qxd8+ Rxd8 21. Rc7
Rab8 22. Rfc1 Ng7 23. Nc6 Bxc6 24. R1xc6 Nf5 25. Bf1 Nd4
26. Rc1 a5 27. Kg2 Nb5 28. R7c2 Nd4 29. Rc3 Nb5 30. Rd3 Na7
31. Rb3 Rd7 32. e3 Kf8 33. Ba6 Ke7 34. a4 Kd8 35. Rbc3 d4
36. exd4 Rxd4 37. Rf3 Rd7 38. g4 Ke7 39. Rh3 Rh8 40. g5 Rd4
41. Rc7+ Rd7 42. Rc4 Rd5 43. Rf3 Rhd8 44. Rcf4 Rf8 45. Rc3
Rfd8 46. Rcc4 R8d7 47. Rfe4 b5 48. axb5 Nxb5 49. Ra4 Nd4
50. Bc8 Rc7 51. Rexd4 Rxd4 52. Rxd4 Rxc8 53. b4 axb4 54. Rxb4
1/2-1/2

[Event "FIDE Women's Grand Prix"]
[Site "Instanbul TUR"]
[Date "2009.03.17"]
[EventDate "2009.03.07"]
[Round "9"]
[Result "0-1"]
[White "Zeinab Mamedjarova"]
[Black "Antoaneta Stefanova"]
[WhiteElo "2362"]
[BlackElo "2557"]
[PlyCount "82"]

1. d4 d5 2. c4 c6 3. Nc3 Nf6 4. e3 e6 5. Nf3 a6 6. Qc2 Nbd7
7. e4 dxe4 8. Nxe4 Nxe4 9. Qxe4 Bb4+ 10. Bd2 Bxd2+ 11. Kxd2 c5
12. Rd1 Qa5+ 13. Kc1 Qxa2 14. Bd3 a5 15. d5 Nf6 16. Qe2 O-O
17. d6 a4 18. Bb1 Qa1 19. Rd3 a3 20. bxa3 Rxa3 21. Rhd1 Rd8
22. Ne5 Bd7 23. Qb2 Qxb2+ 24. Kxb2 Ra6 25. f3 Ne8 26. f4 f6
27. Ng4 e5 28. Nf2 exf4 29. Ne4 Rb6+ 30. Kc3 Bf5 31. d7 Bxe4
32. dxe8=Q+ Rxe8 33. Rd8 Rbe6 34. Bxe4 Rxe4 35. R8d7 R8e7
36. R7d5 R4e5 37. Kb3 Re2 38. Rxc5 Rxg2 39. Rf1 g5 40. h4 Kg7
41. Rd5 Kg6 0-1

[Event "FIDE Women's Grand Prix"]
[Site "Instanbul TUR"]
[Date "2009.03.18"]
[EventDate "2009.03.07"]
[Round "10"]
[Result "1-0"]
[White "Koneru Humpy"]
[Black "Antoaneta Stefanova"]
[WhiteElo "2621"]
[BlackElo "2557"]
[PlyCount "59"]

1. d4 d5 2. c4 c6 3. Nf3 Nf6 4. e3 Bf5 5. Nc3 e6 6. Nh4 Bg6
7. Qb3 Qb6 8. Nxg6 hxg6 9. Bd2 Nbd7 10. Qc2 g5 11. O-O-O Be7
12. Kb1 O-O-O 13. cxd5 Nxd5 14. Nxd5 exd5 15. Qa4 c5 16. Ba5
Qf6 17. Bxd8 Rxd8 18. dxc5 Nxc5 19. Qxa7 Qxf2 20. Rc1 Qxe3
21. Bb5 Qe4+ 22. Ka1 Qb4 23. Rhe1 Bd6 24. Qb6 Qd4 25. Red1 Qe3
26. Rc3 Qe7 27. Rdc1 Kb8 28. Rxc5 Bxh2 29. Bd7 Qxd7 30. Ra5
1-0

[Event "Russian Team Championship: Women's League"]
[Site "Dagomys RUS"]
[Date "2009.04.05"]
[EventDate "2009.04.02"]
[Round "4"]
[Result "1/2-1/2"]
[White "Antoaneta Stefanova"]
[Black "Olga Iljushina"]
[WhiteElo "2549"]
[BlackElo "2329"]
[PlyCount "287"]

1. d4 Nf6 2. Nf3 e6 3. e3 c5 4. Bd3 Nc6 5. O-O d5 6. b3 Qc7
7. Bb2 cxd4 8. exd4 Nb4 9. Bb5+ Bd7 10. Nc3 Bxb5 11. Nxb5 Qb6
12. c4 Be7 13. Qe2 O-O 14. Bc1 a6 15. Nc3 Nc6 16. c5 Qc7
17. Rb1 Rfe8 18. b4 Bf8 19. Bg5 Nh5 20. a4 f6 21. Be3 Nf4
22. Qd2 g5 23. h4 Bh6 24. hxg5 fxg5 25. b5 Na5 26. Ne5 Nc4
27. Nxc4 dxc4 28. Ne4 Rf8 29. Qc2 c3 30. Nxc3 axb5 31. Qe4 Qc6
32. Qxc6 bxc6 33. axb5 cxb5 34. Rxb5 Ra3 35. Bxf4 gxf4 36. Ne2
f3 37. gxf3 Raxf3 38. c6 R3f7 39. Re5 Rg7+ 40. Kh1 Bf4 41. Rh5
Bd6 42. Rh6 Rf3 43. Rg1 Rxf2 44. Rxg7+ Kxg7 45. Rxe6 Bb8
46. d5 Kf7 47. Re4 h5 48. Kg1 Rf5 49. Nc3 Rg5+ 50. Kf1 Rf5+
51. Kg2 Rg5+ 52. Kh1 Rg4 53. Re3 Rd4 54. Kg2 h4 55. Kh3 Bg3
56. Re4 Rd3 57. Rc4 Ke7 58. Kg4 Kd8 59. Nb5 Rxd5 60. c7+ Bxc7
61. Nxc7 Rd7 62. Ne6+ Ke7 63. Nf4 Kd6 64. Kf5 Rf7+ 65. Ke4
Re7+ 66. Kf3 Rf7 67. Rd4+ Kc5 68. Rd5+ Kc6 69. Rh5 Kd6 70. Ke4
Ra7 71. Rh6+ Kc5 72. Nd3+ Kb5 73. Kd4 Ra4+ 74. Kd5 Ra3 75. Ne5
h3 76. Rh8 Rg3 77. Kd4 Kb6 78. Rh6+ Kb5 79. Kd5 Kb4 80. Kd4
Kb5 81. Nd3 Rg4+ 82. Kd5 Rg5+ 83. Ne5 Rg3 84. Rh4 Re3 85. Kd4
Rg3 86. Rh5 Kb4 87. Nd3+ Kb3 88. Nf2 Kc2 89. Rc5+ Kb3 90. Ne4
Rg4 91. Rh5 Kb4 92. Rxh3 Kb5 93. Kd5 Kb4 94. Rh8 Kb3 95. Rb8+
Kc2 96. Rc8+ Kb3 97. Rc3+ Kb2 98. Rh3 Kc2 99. Kd4 Kb2 100. Re3
Rh4 101. Kc4 Kc2 102. Re1 Kb2 103. Re2+ Ka3 104. Re1 Kb2
105. Re2+ Ka3 106. Kc3 Rh3+ 107. Kd4 Rh4 108. Kc4 Rg4
109. Re3+ Kb2 110. Re2+ Ka3 111. Kc3 Ka4 112. Nc5+ Kb5
113. Nd3 Rh4 114. Re6 Rg4 115. Rh6 Re4 116. Kb3 Re3 117. Rd6
Rh3 118. Kc3 Rh4 119. Rg6 Rh3 120. Kd4 Rh4+ 121. Kd5 Rh5+
122. Ne5 Kb4 123. Rg4+ Kc3 124. Ke4 Rh8 125. Rg3+ Kb4 126. Nf7
Rh4+ 127. Kd5 Rh5+ 128. Ne5 Ka4 129. Kd4 Rh4+ 130. Kc5 Rh5
131. Re3 Rg5 132. Kc4 Ka5 133. Nd7 Rg4+ 134. Kc5 Rg5+ 135. Ne5
Ka4 136. Kc4 Ka5 137. Ra3+ Kb6 138. Rb3+ Kc7 139. Kd5 Rh5
140. Rb5 Rh1 141. Rc5+ Kb7 142. Rc3 Rh5 143. Rg3 Kb6 144. Ke4
1/2-1/2

[Event "Russian Team Championship: Women's League"]
[Site "Dagomys RUS"]
[Date "2009.04.07"]
[EventDate "2009.04.02"]
[Round "5"]
[Result "1/2-1/2"]
[White "Zhao Xue"]
[Black "Antoaneta Stefanova"]
[WhiteElo "2531"]
[BlackElo "2549"]
[PlyCount "50"]

1. d4 d5 2. c4 c6 3. Nf3 Nf6 4. e3 Bg4 5. h3 Bxf3 6. Qxf3 e6
7. Nc3 Bb4 8. Bd3 Nbd7 9. O-O O-O 10. Bd2 Re8 11. Qd1 Ba5
12. Rb1 Bc7 13. Qc2 Rc8 14. Rfd1 Qe7 15. Rbc1 a6 16. b3 c5
17. cxd5 exd5 18. dxc5 Nxc5 19. Bf5 Ne6 20. Be1 g6 21. Bxe6
Qxe6 22. Qd3 h5 23. Ne2 Qd6 24. Ng3 Ne4 25. Nf1 Rcd8 1/2-1/2

[Event "Russian Team Championship: Women's League"]
[Site "Dagomys RUS"]
[Date "2009.04.08"]
[EventDate "2009.04.02"]
[Round "6"]
[Result "1-0"]
[White "Antoaneta Stefanova"]
[Black "Viktorija Cmilyte"]
[WhiteElo "2549"]
[BlackElo "2498"]
[PlyCount "103"]

1. d4 Nf6 2. c4 g6 3. Nc3 d5 4. Nf3 Bg7 5. Bg5 Ne4 6. Bh4 Nxc3
7. bxc3 dxc4 8. Qa4+ Qd7 9. Qxc4 b6 10. e3 Ba6 11. Qb3 Bxf1
12. Kxf1 O-O 13. Ke2 c5 14. dxc5 Na6 15. Rad1 Qc7 16. c6 Nc5
17. Qc4 e5 18. Bg3 Qxc6 19. Bxe5 Bxe5 20. Nxe5 Qxg2 21. Ng4
Qc6 22. Rd5 Qa4 23. Qd4 Qc2+ 24. Kf3 Qe4+ 25. Ke2 Qc2+ 26. Kf1
f6 27. Nxf6+ Rxf6 28. Qxf6 Ne4 29. Rd8+ Rxd8 30. Qxd8+ Kg7
31. Qc7+ Kg8 32. Qc4+ Kg7 33. Qe2 Qxc3 34. Kg2 Qf6 35. h4 h5
36. Qf3 Qe7 37. Rc1 Nc5 38. Rc4 Qe6 39. Qf4 Qd5+ 40. Kh2 Ne6
41. Qe4 Qd7 42. Qc6 Qf7 43. Kg2 Nc5 44. Rf4 Qe7 45. Qd5 a5
46. Qd4+ Kh7 47. Qf6 Qb7+ 48. Kg1 Qg7 49. Qxg7+ Kxg7 50. Rd4
Kf7 51. Rd6 Na4 52. Kg2 1-0